Seeking approval (Record no. 74441)
[ view plain ]
| 000 -LEADER | |
|---|---|
| fixed length control field | 01511cab a2200253 4500 |
| 001 - CONTROL NUMBER | |
| control field | ABS67927 |
| 008 - FIXED-LENGTH DATA ELEMENTS--GENERAL INFORMATION | |
| fixed length control field | 040624n2004 000 0 eng u |
| 035 ## - SYSTEM CONTROL NUMBER | |
| System control number | (Sirsi) u126598 |
| 100 ## - MAIN ENTRY--PERSONAL NAME | |
| Personal name | O'Neill, T. |
| 245 ## - TITLE STATEMENT | |
| Title | Seeking approval |
| 260 ## - PUBLICATION, DISTRIBUTION, ETC. | |
| Date of publication, distribution, etc. | 2004 |
| 490 ## - SERIES STATEMENT | |
| Series statement | Fire Engineers' Journal |
| Volume/sequential designation | June 2004, 18-19(2) |
| 520 ## - SUMMARY, ETC. | |
| Summary, etc. | Reports on the role of approved inspectors, Building Regulations 2000 Approved Document B and fire authorities in approving fire safe buildings. Reviews the powers of approved inspectors and illustrates how the regulations can be interpreted. Particularly highlights the issues of single-storey retail units and raised storage platforms. Stresses the importance of consultation between building control bodies and fire authorities. Recommends dealing with issues which arise under the Fire Precautions (Workplace) Regulations 1997 at the Building Regulations stage, rather than leaving the client to satisfy the fire authority following the issue of the final certificate. Concludes that problems can be minimised if communication is paramount in the consultation process. |
| 590 ## - LOCAL NOTE (RLIN) | |
| Local note | ABS |
| 650 ## - SUBJECT ADDED ENTRY--TOPICAL TERM | |
| Topical term or geographic name entry element | APPROVED INSPECTORS |
| 650 ## - SUBJECT ADDED ENTRY--TOPICAL TERM | |
| Topical term or geographic name entry element | BUILDING REGULATIONS 2000 APPROVED DOCUMENT B (2002 EDITION) |
| 650 ## - SUBJECT ADDED ENTRY--TOPICAL TERM | |
| Topical term or geographic name entry element | MANAGEMENT-HEALTH AND SAFETY-FIRE SAFETY |
| 650 ## - SUBJECT ADDED ENTRY--TOPICAL TERM | |
| Topical term or geographic name entry element | FIRE AUTHORITIES |
| 650 ## - SUBJECT ADDED ENTRY--TOPICAL TERM | |
| Topical term or geographic name entry element | FIRE PRECAUTIONS (WORKPLACE) REGULATIONS 1997 |
| 650 ## - SUBJECT ADDED ENTRY--TOPICAL TERM | |
| Topical term or geographic name entry element | FINAL CERTIFICATES |
| 650 ## - SUBJECT ADDED ENTRY--TOPICAL TERM | |
| Topical term or geographic name entry element | BUILDING CONTROL |
| 9 (RLIN) | 6222 |
| 690 ## - LOCAL SUBJECT ADDED ENTRY--TOPICAL TERM (OCLC, RLIN) | |
| Topical term or geographic name as entry element | HEALTH AND SAFETY |
| 9 (RLIN) | 6244 |
| 942 ## - ADDED ENTRY ELEMENTS (KOHA) | |
| Suppress in OPAC | 0 |
| Withdrawn status | Lost status | Source of classification or shelving scheme | Damaged status | Not for loan | Home library | Current library | Shelving location | Date acquired | Total Checkouts | Full call number | Barcode | Date last seen | Copy number | Price effective from | Koha item type |
|---|---|---|---|---|---|---|---|---|---|---|---|---|---|---|---|
| Dewey Decimal Classification | London | London | Journal article | 24/06/2004 | ABS67927 | 126598-1001 | 06/08/2019 | 1 | 06/08/2019 | Journal article |